000 00581nam a22001817a 4500
003 LK-CoDNM
005 20240322102311.0
008 240322b |||||||| |||| 00| 0 eng d
020 _a9786246178116
040 _aLK-CoDNM
_dLK-CoDNM
_eLK-CoDNM
041 _asin
080 _aX8C31
_bWIJ
100 _aවිජේසිංහ,චතුරි වාසනා
245 _aරසිනුදුල ප්‍රේමයේ අඳුර නැසූ පහන් සිල නුඹ
260 _aGanemulla
_bLekaka ha Pataka Sansadaya
300 _a256p,21cm
942 _cBK
999 _c145407
_d145407